Tovarnyj slovar

Enregistré dans:
Détails bibliographiques
Format: Livre
Langue:russe
Publié: Moskva Gosudarstvennoje izdateľstvo torgovoj literatury 1961
Tags: Ajouter un tag
Pas de tags, Soyez le premier à ajouter un tag!

MARC

LEADER 00000nam a2200000 4500
001 c123358
005 20250717095502.9
041 0 |a rus 
044 |a RU 
245 1 0 |a Tovarnyj slovar 
264 1 |a Moskva  |b Gosudarstvennoje izdateľstvo torgovoj literatury  |c 1961 
300 |a 1734 stl.